NFL Week 5 Fantasy Leaders 2024-2025 - Statistics

General Stats
  • This quiz has been taken 158 times
  • The average score is 9 of 20
Answer Stats
Position Points Player % Correct
WR 41.3 Ja'Marr Chase
91%
QB 33.4 Lamar Jackson
82%
QB 34.8 Joe Burrow
81%
QB 35.4 Kirk Cousins
66%
QB 23.4 Baker Mayfield
61%
WR 29.3 Tee Higgins
54%
QB 23.6 Caleb Williams
51%
WR 33.4 Drake London
51%
WR 23.2 Mike Evans
50%
WR 29.1 Garrett Wilson
47%
WR 31.5 Darnell Mooney
43%
TE 23.7 Brock Bowers
41%
WR 27.5 DJ Moore
35%
QB 25.1 Kyler Murray
35%
TE 24.8 Tucker Kraft
29%
WR 23.2 Brian Thomas
28%
QB 23.1 Bo Nix
25%
QB 26.6 Joe Flacco
18%
RB 25.9 Tank Bigsby
14%
WR 26.2 Darius Slayton
11%
No matching quizzes found
Score Distribution
Percent of People with Each Score
Percentile by Number Answered
Your Score History
You have not taken this quiz